00608nam a2200121Ia 4500008004100000020001800041100003800059245010700097260002700204650019400231650000800425856005300433171212s9999 xx 000 0 und d a9780833087867 aAnderson, James M.;Waggoner, Ivan cAnderson, James M.;Waggoner, IvanaThe Changing Role of Criminal Law in Controlling Corporate Behavior bRAND Corporationc2014 aCriminal liability of juristic persons -- United States; Tort liability of corporations -- United States; Corporate governance -- Law and legislation -- United States -- Criminal provisions aLaw uhttp://www.jstor.org/stable/10.7249/j.ctt1287mfw